000 00264nam a2200097Ia 4500
082 _a823.92 NYAT
245 0 _aThe polygamist
100 _a Nyathi, Sue Cape Town, South Africa, 2012
_996497
942 _cBK
008 210817s9999 xx 000 0 und d
999 _c405649
_d405648